000
00220nam a2200097Ia 4500
008
190216s9999||||xx |||||||||||||| ||und||
100
_a
Null
245
0
_a
Hindi-Sresht Janvadi Kahaniyam
260
_b
Rama Pub
942
_c
BK
999
_c
18403
_d
18403